000 00720nam a2200265Ia 4500
003 OSt
005 20221006153339.0
006 a|||||r|||| 00| 0
007 ta
008 221006b |||||||| |||| 00| 0 jpn d
020 _a9784480042293
_c¥1200
024 _a32,075
037 _bGift, Takatsugu Hayashi San
_cTextual
040 _aEASL
_cEASL
_bjpn
041 _2jpn
_ajpn
082 _aP42,3, N9
100 _aSASAKI Mizue
245 0 _aOnna no nihongo otoko no nihongo
260 _aTokyo
_bChikuma Shobo Japan
_c1999
300 _a194p.
_ccm.
490 _v JL
650 _aJL
942 _hP42,3, N9
_cTEXL
_2CC
999 _c1100161
_d1100161